000 00218nam a22000857a 4500
008 170112b xxu||||| |||| 00| 0 eng d
100 _92366
_aRastogi.V.B.etal.
245 _aScience Power-6
260 _aNew Delhi
_bSrijan
_c2010
999 _c5338
_d5338